000 00395nam a2200157Ia 4500
008 191201s2019 xx 000 0 und d
020 _a812560779
100 _aSIDDIQUI, Anees Ahmad
245 0 _aHuman Anatomy & Physiology
250 _a19th
260 _bTara Pub
_aNew Delhi
_c2019
300 _a119
650 _aHuman Anatomy & Physiology
700 _aSiddiqui, Rafat
942 _2ddc
_cBK
999 _c8266
_d8266